Dragon Ball Legends LF and Ultra Units Quiz - Statistics

General Stats
  • This quiz has been taken 182 times
  • The average score is 18 of 42
Answer Stats
Hint Answer % Correct
ULTRA, Blue Super Gogeta
89%
LF, Blue Goku
82%
LF, Blue Vegeta
82%
ULTRA, Purple Vegeta
82%
LF, Red Vegeta
82%
ULTRA, Yellow Super Vegito
67%
LF, Purple Super Vegito
67%
ULTRA, Red Super Saiyan Goku
66%
LF, Blue Super Saiyan God SS Vegito
56%
LF, Blue Kid Buu
54%
ULTRA, Red Omega Shenron
53%
LF, Red Super Saiyan 2 Gohan(Youth)
51%
LF, Red Ultra Instinct Goku
50%
LF, Green Super Saiyan 3 Goku
49%
LF, Green Super Saiyan 3 Goku
49%
LF, Blue Beast Gohan
48%
LF, Green God of Destruction Beerus
48%
LF, Yellow Super Saiyan God SS Gogeta
46%
LF, Purple Ultra Instinct -Sign- Goku
46%
LF, Yellow Super Saiyan 4 Goku
44%
ULTRA, Purple Legendary Super Saiyan Broly
43%
LF, Yellow Piccolo
43%
LF, Green Super Saiyan 4 Gogeta
38%
LF, Purple Super Saiyan Goten
37%
LF, Red Final Form Cooler
36%
LF, Purple Perfect Cell
35%
ULTRA, Yellow Super Saiyan God SS Kaioken Goku
35%
LF, Green Super Saiyan God SS Vegeta
33%
LF, Red Android #17 & Android #18
31%
LF, Yellow Bardock
27%
LF, Yellow Final Form Frieza: Full Power
27%
LF, Purple Jiren: Full Power
27%
LF, Purple Super Saiyan Rose Goku Black
27%
LF, Purple 1st Form Frieza
26%
LF, Yellow Super Saiyan Future Gohan
24%
LF, Purple Super Saiyan God SS Goku & Vegeta
23%
LF, Yellow Super Saiyan God SS Evolved Vegeta
22%
LF, Blue Super Saiyan Broly: Full Power
16%
LF, Blue Super Saiyan Trunks(Adult)
16%
LF, Red Half-Corrupted Fused Zamasu
14%
LF, Purple Super Saiyan Gohan(Youth)
11%
LF, Green Super Saiyan Trunks(Teen)
8%
No matching quizzes found
Score Distribution
Percent of People with Each Score
Percentile by Number Answered
Your Score History
You have not taken this quiz